วารสารการสร้างเสริมสุขภาพไทย (ระเบียนเลขที่ 105182)
| 000 -LEADER | |
|---|---|
| fixed length control field | 00998nam a22002657a 4500 |
| 003 - CONTROL NUMBER IDENTIFIER | |
| control field | NALT |
| 005 - DATE AND TIME OF LATEST TRANSACTION | |
| control field | 20240520104311.0 |
| 006 - FIXED-LENGTH DATA ELEMENTS--ADDITIONAL MATERIAL CHARACTERISTICS | |
| fixed length control field | a|||p|r|||| 00| 0 |
| 007 - PHYSICAL DESCRIPTION FIXED FIELD--GENERAL INFORMATION | |
| fixed length control field | ta |
| 008 - FIXED-LENGTH DATA ELEMENTS--GENERAL INFORMATION | |
| fixed length control field | 240520b th |||p| |||| 00| 0 tha d |
| 022 00 - INTERNATIONAL STANDARD SERIAL NUMBER | |
| International Standard Serial Number | 27740285 |
| 040 ## - CATALOGING SOURCE | |
| Original cataloging agency | NALT |
| 041 ## - LANGUAGE CODE | |
| Language code of text/sound track or separate title | tha |
| 245 00 - TITLE STATEMENT | |
| Title | วารสารการสร้างเสริมสุขภาพไทย |
| 260 ## - PUBLICATION, DISTRIBUTION, ETC. | |
| Place of publication, distribution, etc. | สำนักงานกองทุนสนับสนุนการสร้างเสริมสุขภาพ |
| 310 ## - CURRENT PUBLICATION FREQUENCY | |
| Current publication frequency | รายสามเดือน |
| 650 #0 - SUBJECT ADDED ENTRY--TOPICAL TERM | |
| Topical term or geographic name entry element | สุขภาพ |
| 9 (RLIN) | 10494 |
| 850 ## - HOLDING INSTITUTION | |
| Holding institution | NALT |
| 856 ## - ELECTRONIC LOCATION AND ACCESS | |
| Uniform Resource Identifier | <a href="https://thpjournal.thaihealth.or.th/archive">https://thpjournal.thaihealth.or.th/archive</a> |
| 866 ## - TEXTUAL HOLDINGS--BASIC BIBLIOGRAPHIC UNIT | |
| Textual string | ปีที่ 3 เล่มที่ 1 (ม.ค.-มี.ค. 2567) |
| 942 ## - ADDED ENTRY ELEMENTS (KOHA) | |
| Source of classification or shelving scheme | Local Classification |
| Koha item type | Journal/Magazine |
| Serial record | 1 |
| 996 ## - STAFF PROCESSING RECORDS (NALT) | |
| Staff name | jintana.i |
| Staff type | SERSTF |
| Acquisition or Cataloging date | 2024-05-20 |
| 998 ## - STAFF NAME (NALT) | |
| -- | 755 |
| -- | 755 |
| -- | จินตนา เอี่ยมคง |
| Withdrawn status | Lost status | Source of classification or shelving scheme | Damaged status | Not for loan | Collection code | Home library | Current library | Shelving location | Date acquired | Source of acquisition | Serial Enumeration / chronology | Total Checkouts | Barcode | Date last seen | Copy number | Uniform Resource Identifier | Price effective from | Koha item type |
|---|---|---|---|---|---|---|---|---|---|---|---|---|---|---|---|---|---|---|
| Library of Congress Classification | Journals & Periodicals collection | National Assembly Library of Thailand | National Assembly Library of Thailand | Journal & Magazine shelves | 29/05/2024 | บริจาค | ปีที่ 3 เล่มที่ 1 (ม.ค.-มี.ค. 2567) ฉ.2 | 2900035442 | 29/05/2024 | ฉ.2 | https://search-library.parliament.go.th/files/cover/Cover-journal/ThaiHealth/ThaiHealth_v3n1.jpg | 29/05/2024 | Journal/Magazine | |||||
| Library of Congress Classification | Journals & Periodicals collection | National Assembly Library of Thailand | National Assembly Library of Thailand | Journal & Magazine shelves | 29/05/2024 | บริจาค | ปีที่ 3 เล่มที่ 1 (ม.ค.-มี.ค. 2567) ฉ.1 | 2900035441 | 29/05/2024 | ฉ.1 | https://search-library.parliament.go.th/files/cover/Cover-journal/ThaiHealth/ThaiHealth_v3n1.jpg | 29/05/2024 | Journal/Magazine |
